000 00451nab a2200145Ia 4500
003 ES-SlBCS
005 20210601141251.0
008 140529s2010 xxu||||| |||| 00| 0 spa d
041 _aspa
100 1 _aGarcía Fernández, Alicia
_9253858
245 0 0 _aHégel interpreta a Sófocles
_c Alicia García Fernández
600 1 4 _aHegel-Sófocles
_9253859
773 0 _tEducaçao e Filosofia
_gvol. 24, nº. 47, 2010, págs. 173-190
_wRev1534
942 _cAR
999 _c657944
_d657944